000 00359nam a2200145Ia 4500
005 20250423094731.0
008 250422s9999 xx 000 0 und d
020 _a0-03-013643-1
100 _aWilliams L. Masterton
245 0 _aChemistry Principle & Reactions
260 _bSaunders College Publishing
260 _c1989
300 _a991 p
942 _cBK
999 _c28132
_d28132